A short guide book, (Record no. 71198)

MARC details
000 -LEADER
fixed length control field 00768cam a22002531 4500
001 - CONTROL NUMBER
control field sa 66007442
003 - CONTROL NUMBER IDENTIFIER
control field DLC
005 - DATE AND TIME OF LATEST TRANSACTION
control field 20260227112305.0
008 - FIXED-LENGTH DATA ELEMENTS--GENERAL INFORMATION
fixed length control field 860910s1958 ii af 000 0 eng
010 ## - LIBRARY OF CONGRESS CONTROL NUMBER
LC control number sa 66007442
025 ## - OVERSEAS ACQUISITION NUMBER
Overseas acquisition number PL480:I-E-6460
035 ## - SYSTEM CONTROL NUMBER
System control number (OCoLC)17379283
040 ## - CATALOGING SOURCE
Original cataloging agency DLC
Transcribing agency PU
Modifying agency DLC
042 ## - AUTHENTICATION CODE
Authentication code premarc
043 ## - GEOGRAPHIC AREA CODE
Geographic area code a-ii---
050 00 - LIBRARY OF CONGRESS CALL NUMBER
Classification number N3730
Item number .A6
110 2# - MAIN ENTRY--CORPORATE NAME
Corporate name or jurisdiction name as entry element Indian Museum.
Subordinate unit Art Section.
245 12 - TITLE STATEMENT
Title A short guide book,
Statement of responsibility, etc. written & prepared by Chintamoni Kar, keeper & officer-in-charge, and Tinkari Mukerjee, deputy keeper.
260 ## - PUBLICATION, DISTRIBUTION, ETC.
Place of publication, distribution, etc. [Calcutta]
Date of publication, distribution, etc. 1958.
300 ## - PHYSICAL DESCRIPTION
Extent 1 v. (unpaged)
Other physical details illus., plates (part col.)
Dimensions 22 cm.
650 #0 - SUBJECT ADDED ENTRY--TOPICAL TERM
Topical term or geographic name entry element Art
Geographic subdivision India
-- Kolkata.
700 1# - ADDED ENTRY--PERSONAL NAME
Personal name Kara, Cintāmaṇi.
700 1# - ADDED ENTRY--PERSONAL NAME
Personal name Mukerjee, Tinkari.

No items available.

Powered by Koha